000 00640nam a2200229Ia 4500
003 OSt
005 20220916111032.0
006 a|||||r|||| 00| 0
007 ta
008 220915b |||||||| |||| 00| 0 eng d
024 _a124202
037 _cTextbook
040 _beng
_aARTS
_cARTS
041 _aeng
082 _aV6:1:N5, 113J8 (906)
100 _aItaliander Rolf
245 0 _aDer ruhelose Kontinent : Ein Schlussel sur Geschite und wirtschaft Allen Afrikanischen Lander
260 _c1958
650 _aHISTORY
942 _hV6:1:N5, 113J8 (906)
_cTB
_2CC
999 _c104056
_d104056